Piłkarze Reprezentacji Mali - nagła śmierć - Statystyki

Ogólne statystyki
  • Ten quiz został rozwiązany 12 razy
  • Średni wynik to 3 z 9
Answers on the Grid
Answers color-coded by a green-red scale on the quiz's grid according to % correct below.
Habib Diallo
Moussa Marega
Yaya Touré
Victor Wanyama
Mustapha Yatabaré
Seydou Keita
Serey Dié
Yves Bissouma
Divock Origi
Amadou Haidara
Ebenezer Assifuah
Bakary Sako
Kamory Doumbia
Issa Kaboré
Hamari Traore
Dorgeles Nene
 
Statystyki odpowiedzi
Odpowiedź % Poprawnych
Seydou Keita
82%
Amadou Haidara
45%
Bakary Sako
27%
Hamari Traore
27%
Moussa Marega
27%
Yves Bissouma
27%
Kamory Doumbia
18%
Dorgeles Nene
9%
Mustapha Yatabaré
9%
Nie znaleziono quizów pasujących do podanych kryteriów
Rozkład punktacji
Procent ludzi z każdym wynikiem
Percentyl według liczby udzielonych odpowiedzi
Twoja historia wyników
Nie rozwiązałeś tego quizu